000 00608nam a2200205 b 4500
003 3228
005 20250908124616.0
008 210818s9999 xx 000 1 AFR d
020 _a9780624053392 (paperback)
_qPaperback
040 _aMPL
_c2000
_bEnglish
_eRDA
041 _aafrikaans
082 _aAF STAN
100 _aStander, Carina
_9123252
245 0 _aWildvreemd /
_cCarina Stander
260 _aKaapstad :
_bTafelberg;
_c2011.
300 _a257 Pages ; 4 unnumbered pages :
_c21 cm.
655 0 _9189056
_aAfrikaans Fiction
655 0 _9188670
_aHuman Relations Fiction
942 _cBK
_2ddc
_eDDC23
_y296
_zPhillipina Naude
999 _c477991
_d477990